000
00213 a2200085 4500
082
_a
625.735 AAS
245
_a
Manual on Subsurface Investigations /
260
_a
Washington:
_c
AASHTO,
_b
1988
300
_a
391p. :
_b
ill. ;
_c
30cm
650
_a
AASHTO
999
_c
1916
_d
1916